| 000 | 00923cam a2200289 a 4500 | ||
|---|---|---|---|
| 001 | 3781 | ||
| 005 | 20260317100512.0 | ||
| 020 | _a9781568993294 | ||
| 040 |
_aDLC _cDLC _dDLC _beng |
||
| 050 | 0 | 0 | _aPZ10.3.G153 |
| 082 | 0 | 0 | _a360 |
| 100 | 1 |
_aGalvin, Laura Gates _d1963- |
|
| 245 | 1 | 0 |
_aArmadillo at Riverside Road / _cLaura Gates Galvin ; illustrated by Katy Bratun |
| 250 | _aFirst edition 1996 | ||
| 260 |
_aNorwalk : _bSoundprints, _c1996 |
||
| 300 |
_a31 pages : _bcolor illustrations ; _c12 cm . |
||
| 490 | _a Smithsonian's Backyard | ||
| 505 | _aG | ||
| 520 | _aFollows an armadillo on her nocturnal travels in search of food. | ||
| 521 |
_a320
_bLexile estimate |
||
| 521 |
_aG
_bRaz-Plus |
||
| 650 | 0 |
_aArmadillos _xJuvenile fiction. |
|
| 650 | 1 |
_aArmadillos _xFiction. |
|
| 700 | 1 |
_aBratun, Katy _eillustrator |
|
| 906 |
_a7 _bcbc _corignew _d1 _eocip _f19 _gy-gencatlg |
||
| 942 |
_2ddc _cBK _n0 |
||
| 999 |
_c3781 _d3781 |
||